LIBRARY & INFORMATION CENTRE, KCAET, TAVANUR

ONLINE PUBLIC ACCESS CATALOGUE (OPAC)

Poshakathottam / (Record no. 10864)

MARC details
000 -LEADER
fixed length control field 00672cam a2200277ua 4500
041 ## - LANGUAGE CODE
Language code of text/sound track or separate title mal
082 ## - DEWEY DECIMAL CLASSIFICATION NUMBER
Classification number 635.01
Item number GOP/PO
100 ## - MAIN ENTRY--AUTHOR NAME
Personal name Gopalakrishnan, P K .
245 ## - TITLE STATEMENT
Title Poshakathottam /
250 ## - EDITION STATEMENT
Edition statement 1 /
260 ## - PUBLICATION, DISTRIBUTION, ETC. (IMPRINT)
Place of publication Thrissur :
Name of publisher Kerala Agricultural University ,
Year of publication 1980.
300 ## - PHYSICAL DESCRIPTION
Number of Pages 22 ; .
700 1# - ADDED ENTRY--PERSONAL NAME
Personal name Peter, K V .
700 1# - ADDED ENTRY--PERSONAL NAME
Personal name Rajmohan, K .
942 ## - ADDED ENTRY ELEMENTS (KOHA)
Koha item type Books
Holdings
Withdrawn status Lost status Damaged status Home library Current library Date acquired Full call number Accession Number Koha item type
      KAUAET KAUAET 07/04/2012 635.01 14106 Books
      KAUAET KAUAET 07/04/2012 635.01 14112 Books
      KAUAET KAUAET 07/04/2012 635.01 14115 Books
      KAUAET KAUAET 07/04/2012 635.01 14114 Books
      KAUAET KAUAET 07/04/2012 635.01 14111 Books
      KAUAET KAUAET 07/04/2012 635.01 14108 Books
      KAUAET KAUAET 07/04/2012 635.01 14109 Books
free website counter